Technical Update 1/1999 : Prinsip Pampasan Pengambilan Tanah (2 - 3 Jun 1999)

Bibliographic Details
Format: Book
Subjects:
Online Access:http://app.inspen.gov.my:7779/pls/portal/docs/PAGE/CORPORATEPAGES/PORTAL_INSPEN/NOTA_KURSUS/LA/MB.PDF

MARC

LEADER 00000cam a2200000 7i4500
001 0000006003
005 20071128.0
040 |a INS 
090 0 0 |a LA14 
245 0 0 |a Technical Update 1/1999 :   |b Prinsip Pampasan Pengambilan Tanah (2 - 3 Jun 1999) 
500 |a Digital document is available on-line; Please click the URL below 
650 0 0 |a Land acquisition and compensation 
856 |u http://app.inspen.gov.my:7779/pls/portal/docs/PAGE/CORPORATEPAGES/PORTAL_INSPEN/NOTA_KURSUS/LA/MB.PDF 
999 |a LA00000014   |b BOOK   |c Course Notes   |e Default branch 
999 |a LA00000125   |b BOOK   |c Course Notes   |e Default branch